Ultimate Metal Band Quiz - Statistics

General Stats
  • This quiz has been taken 59 times
  • The average score is 60 of 160
Answer Stats
Hint Answer % Correct
The most famous band from the big 4 Metallica
93%
One of the big 4, they sing a lot aboutthe government Megadeth
88%
Nu metal band with 9 members Slipknot
88%
HAIIL TO THE KIIING Avenged Sevenfold
86%
One of the big four Anthrax
84%
The first ever death metalformed by Mr. Chuck Schuldiner Death
84%
Classic metal band featuringthe legendary Rob Halford on vocals Judas Priest
84%
Famous Nu metal bandfeaturing Fred Durst on vocals Limp Bizkit
84%
Chester Bennington sang for this bandRest in Piece. Linkin Park
84%
One of the big 4, they sing a lot aboutsatanism, while their singer is catholic Slayer
84%
The first ever heavy metal band featuringOzzy Osbourne on vocals Black Sabbath
81%
American groove metal band featuringthe Abbott brothers Pantera
77%
Smoke on the water Deep Purple
74%
Lemmy. Motörhead
74%
American death metal bandthat Corpsegrinder sings for Cannibal Corpse
72%
French metal band that playedMea Culpa at the Olympics Gojira
72%
The most popular Norwegian blackmetal band Mayhem
72%
Kawaii Metal BABYMETAL
70%
A legendary guitarist who wears a bucketon his head.. Buckethead
70%
Second singer of black sabbathand frontman of Rainbow Dio
70%
Brazilian thrash/groove metal band formedby the Cavalera brothers Sepultura
70%
Zakk Wylde sings for this band Black Label Society
67%
NWOBHM Iron Maiden
67%
Freaky nu metal band Korn
67%
The band that made the song "Creep" Radiohead
67%
Tom Morello plays guitar in this band Rage Against The Machine
67%
A German band that is a very big fanof the female genitalia Rammstein
67%
Dragula Rob Zombie
67%
Layne Staley on vocals Alice In Chains
65%
Viking metal band from Sweden Amon Amarth
65%
Black Sabbath's Original singer Ozzy Osbourne
65%
American/Armenian nu metal band System of a Down
65%
A pirate metal band from Scotland(They like beer) Alestorm
60%
German power metal band Helloween
60%
Swedish power metal band that singsabout the history of war and conflict Sabaton
60%
The Legendary guitarist of Pantera Dimebag Darrell
58%
Possibly the best band that ever existedFormed by Alexi Laiho and Janne Wirman Children of Bodom
56%
Metalcore band featuring Oli Sykeson vocals Bring me the Horizon
53%
The most famous grindcore band Napalm Death
53%
American thrash bandfeaturing Chuck Billy on vocals Testament
53%
Herman Li plays guitar for this band Dragonforce
51%
Singer for Mercyful Fate King Diamond
51%
American deathcore bandfeaturing Will Ramos on vocals Lorna Shore
51%
Gothic metal band that had a huge singer Type O Negative
51%
Named after the main villain in Star Wars Vader
51%
The legendary frontman of Children of Bodom Alexi Laiho
49%
Swedish melodeath bandmanaged by Angela Gossow (Former singer of this band) Arch Enemy
49%
One of the first wave black metal bands Bathory
49%
Polish Extreme metal band Behemoth
49%
Norwegian black metal bandfeaturing Fenriz on drums Darkthrone
49%
Would be in the big 5 of thrash Exodus
49%
German thrash metal band Kreator
49%
American groove metal band often calledLog Lamb of God
49%
Punk metal band that Danzig sung for Misfits
49%
Sludge metal band
(John Wayne Gacy)
Acid Bath
47%
British melodeath/grindcore band Carcass
47%
He sang for the Misfits Danzig
47%
Swedish melodeath band In Flames
47%
Symphonic metal band from Finland Nightwish
47%
Canadian thrash metal band Annihilator
44%
Swedish melodic death metalband from Gothenburg At The Gates
44%
Lzzy Hale is their lead singer Halestorm
44%
One of the first wave black metal bands Venom
44%
Epic doom metal band Candlemass
42%
Left Hand Path Entombed
42%
Swedish Djent band Meshuggah
42%
Swedish prog metal band Opeth
42%
Formed by the Abbott brothers Damageplan
40%
Progressive metal band Dream Theater
40%
American metal bands that sing a lot aboutancient egypt Nile
40%
Stoner metal(They have an hour long song) Sleep
40%
Brazilian/american nu metalband formed by Max Cavalera in 1997 Soulfly
40%
formed in 1968 by lead guitaristWolf Hoffmann singer Udo Dirkschneider Accept
37%
Nu metal bandChange Deftones
37%
Another word for getting your limbschopped off Dismember
37%
Norwegian black metal band Emperor
37%
American rock band featuringAdam Jones on guitar Tool
37%
Singer of Immortal Abbath
35%
Melodeath band that has a name similar toDeathclock Dethklok
35%
American brutal Death metal band Dying Fetus
35%
Finnish monster band that wonthe Eurovision song contest in 2006, underrated band Lordi
35%
American death metal band Obituary
35%
British symphonic black metal band Cradle of Filth
33%
Ukrainian metalcore band Jinjer
33%
Finnish folk metal band Korpiklaani
33%
American sludge/prog metal band Mastodon
33%
German tech-death band Necrophagist
33%
A clash royale card has the same nameas this band Electric Wizard
30%
Norwegian black metal band Immortal
30%
Metalcore Killswitch Engage
30%
Metalcore band Bullet for my Valentine
28%
Another word for cutting the head of a bull Cattle Decapitation
28%
Swiss thrash/black metal band Celtic Frost
28%
Norwegian symphonic black metal band Dimmu Borgir
28%
Swedish melodic black metal band Dissection
28%
Industrial metal Fear Factory
28%
Another death metal band thathas never played live, because their songs are too hard featuring Aaron Kitcher on drums Infant Annihilator
28%
American Groove metal band that playon almost every single festival Machine Head
28%
Mean Green Killing Machine Overkill
28%
Norwegian black metal band featuringFrost on drums, and Satyr on vocals Satyricon
28%
Technical death metal band Archspire
26%
Band formed by Alexi Laihoafter COB's breakup Bodom After Midnight
26%
Brutal death metal band Suffocation
26%
Swedish death metal bandthat was formed in 1988 Grave
26%
Panzer Division.... Marduk
26%
German power metal band Powerwolf
26%
Named after an unsolved murder case The Black Dahlia Murder
26%
"One of Britain's most consistent and enduring
death metal bands."
Bolt Thrower
23%
Stoner metal band Kyuss
23%
One of the first Danish black metal bands Mercyful Fate
23%
He writes a lot of songs for thevideo game series
"DOOM"
Mick Gordon
23%
One of the first Americandeath metal bands Morbid Angel
23%
Canadian heavy metal band Voivod
23%
British metalcore band Architects
21%
The Moth Death Angel
21%
Finnish folk metal band Finntroll
21%
Symphonic death metal band from Italy Fleshgod Apocalypse
21%
Drone metal band sunn O)))
21%
Deathcore band Whitechapel
21%
Belgian brutal death metal bandwith an Icelandic guitarist Aborted
19%
One last breath Creed
19%
Melodeath band from Sweden Dark Tranquility
19%
American groove metal band Five Finger Death Punch
19%
Norwegian black metal band Gorgoroth
19%
A goblin sings for them Nekrogoblikon
16%
Grave Dive Municipal Waste
14%
Punk band who wrote the song "Savior" Rise Against
14%
Finnish power metal band Stratovarius
14%
Norwegian extreme metal Enslaved
12%
Black metal band named after one of thebiblical beasts Leviathan
12%
American black metal band Absu
9%
Their singer Örs Siklósipassed away in 2021 Rest in peace. AWS
9%
Power Metal Hammerfall
9%
One of the first grindcore bands Repulsion
9%
German black metal bandin other words Blackened Nightened Slaughterhouse Darkened Nocturn Slaughtercult
7%
American thrash metal band Havok
7%
Bill Hudson plays legendary solos in this band Northtale
7%
Icelandic viking metal band Skálmöld
7%
Glam metal Steel Panther
7%
Swiss thrash metal band, that doesn't likethe government XONOR
7%
A legendary mexican band Cerberus
5%
Japanese death metal band Coffins
5%
Post-metal band Cult of Luna
5%
An Avant-Garde black metal bandthat has never played live Deathspell Omega
5%
Doom metal band(another name for troll weiner) Goblin Cock
5%
Christian black metal band Horde
5%
Grindcore band Nails
5%
Icelandic band featuringAborted's guitarist Ophidian I
5%
Melodeath band from Sweden Orbit Culture
5%
Nightmare band Portal
5%
American technical brutal deathmetal band Allegaeon
2%
Icelandic death metal band Beneath
2%
Icelandic Slam/Death metal band Devine Defilement
2%
Italian extreme metal band Graveworm
2%
Icelandic modern metal band Icebreaker
2%
American metalcore band Kublai Khan TX
2%
Icelandic black metal band Misþyrming
2%
Icelandic Stoner Metal Band Morpholith
2%
This band was formed while the memberswere still in high school Warbringer
2%
Finnish Melodeath band Mors Subita
0%
No matching quizzes found
Score Distribution
Percent of People with Each Score
Percentile by Number Answered
Your Score History
You have not taken this quiz